Oh! GG - Statistics

General Stats
  • This quiz has been taken 4 times
  • The average score is 8 of 15
Answer Stats
Clue Answer % Correct
For pottering around on the golf course, when walking just won't do Buggy
100%
Annual panto dame, and winner of ITVs I'm a Celebrity in 2007 Christopher Biggins
75%
The island on which Father Ted resided Craggy
75%
What a shovel or spade is for Digging
75%
Character in BBC TVs Last of the Summer Wine Foggy
75%
You're said to be at this, when at stalemate, with someone else Loggerheads
75%
Played Mike Baldwin in Coronation Street Briggs
50%
Slang for sold Flogged
50%
Streetwise dude, friend of Starsky and Hutch Huggy Bear
50%
Aerosol insecticide, for killing pet parasites, fleas etc Fogger
25%
1980s Sega/Konami video game, over 20m copies sold Frogger
25%
The postmistress in BBC TVs Postman Pat Mrs Goggins
25%
Character in Goldings 'Lord of the Flies' Piggy
25%
When persons are up to no-good Skullduggery
25%
When the 'penny drops', you're said to have... Twigged
25%
No matching quizzes found
Score Distribution
Percent of People with Each Score
Percentile by Number Answered
Your Score History
You have not taken this quiz